<?xml version="1.0" encoding="UTF-8"?>
<record
    xmlns:xsi="http://www.w3.org/2001/XMLSchema-instance"
    xsi:schemaLocation="http://www.loc.gov/MARC21/slim http://www.loc.gov/standards/marcxml/schema/MARC21slim.xsd"
    xmlns="http://www.loc.gov/MARC21/slim">

  <leader>00665nam a22001337a 4500</leader>
  <datafield tag="040" ind1=" " ind2=" ">
    <subfield code="c">RUA</subfield>
  </datafield>
  <datafield tag="082" ind1=" " ind2=" ">
    <subfield code="a">AGR NY 2012 B052 Or.1</subfield>
  </datafield>
  <datafield tag="100" ind1=" " ind2=" ">
    <subfield code="a">NY, ORTDAM.</subfield>
  </datafield>
  <datafield tag="245" ind1=" " ind2=" ">
    <subfield code="a">Effect of plant spacing and leave cutting of cassava with mixed cropping of cowpea &#x17A5;&#x1791;&#x17D2;&#x1792;&#x17B7;&#x1796;&#x179B;&#x1793;&#x17C3;&#x1785;&#x1793;&#x17D2;&#x179B;&#x17C4;&#x17C7;&#x1782;&#x17BB;&#x1798;&#x17D2;&#x1796; &#x1793;&#x17B7;&#x1784;&#x1780;&#x17B6;&#x179A;&#x1780;&#x17B6;&#x178F;&#x17CB;&#x179F;&#x17D2;&#x179B;&#x17B9;&#x1780;&#x178A;&#x17C6;&#x17A1;&#x17BC;&#x1784;&#x1798;&#x17B8;&#x1787;&#x17B6;&#x1798;&#x17BD;&#x1799;&#x1780;&#x17B6;&#x179A;&#x178A;&#x17B6;&#x17C6;&#x178A;&#x17C6;&#x178E;&#x17B6;&#x17C6;&#x1786;&#x17D2;&#x179B;&#x17B6;&#x179F;&#x17CB;&#x179F;&#x178E;&#x17D2;&#x178F;&#x17C2;&#x1780;&#x17A2;&#x1784;&#x17D2;&#x1782;&#x17BB;&#x1799;</subfield>
  </datafield>
  <datafield tag="260" ind1=" " ind2=" ">
    <subfield code="a">Phnom Penh </subfield>
    <subfield code="b">RUA</subfield>
    <subfield code="c">2012</subfield>
  </datafield>
  <datafield tag="300" ind1=" " ind2=" ">
    <subfield code="a">xii; 54p.</subfield>
    <subfield code="b">ill.</subfield>
    <subfield code="c">29cm.</subfield>
  </datafield>
  <datafield tag="856" ind1=" " ind2=" ">
    <subfield code="u">https://drive.google.com/file/d/1cymRb8PdyOD1e7WgzDYL0PxwBeOqXGjK/view?usp=sharing</subfield>
  </datafield>
  <datafield tag="942" ind1=" " ind2=" ">
    <subfield code="c">AGR</subfield>
  </datafield>
  <datafield tag="999" ind1=" " ind2=" ">
    <subfield code="c">1220</subfield>
    <subfield code="d">1220</subfield>
  </datafield>
  <datafield tag="952" ind1=" " ind2=" ">
    <subfield code="0">0</subfield>
    <subfield code="1">0</subfield>
    <subfield code="2">ddc</subfield>
    <subfield code="4">0</subfield>
    <subfield code="6">AGR_NY_2012_000000000000000_B052_OR_1</subfield>
    <subfield code="7">0</subfield>
    <subfield code="9">5098</subfield>
    <subfield code="a">LBB</subfield>
    <subfield code="b">LBB</subfield>
    <subfield code="c">B051</subfield>
    <subfield code="d">2015-09-24</subfield>
    <subfield code="l">1</subfield>
    <subfield code="o">AGR NY 2012 B052 Or.1</subfield>
    <subfield code="p">RUA016429</subfield>
    <subfield code="r">2024-01-09</subfield>
    <subfield code="s">2024-01-02</subfield>
    <subfield code="w">2015-09-24</subfield>
    <subfield code="y">AGR</subfield>
  </datafield>
  <datafield tag="952" ind1=" " ind2=" ">
    <subfield code="0">0</subfield>
    <subfield code="1">0</subfield>
    <subfield code="2">ddc</subfield>
    <subfield code="4">0</subfield>
    <subfield code="6">AGR_NY_2012_000000000000000_B052_OR_2</subfield>
    <subfield code="7">0</subfield>
    <subfield code="9">5099</subfield>
    <subfield code="a">LBB</subfield>
    <subfield code="b">LBB</subfield>
    <subfield code="c">B051</subfield>
    <subfield code="d">2015-09-24</subfield>
    <subfield code="o">AGR NY 2012 B052 Or.2</subfield>
    <subfield code="p">RUA016359</subfield>
    <subfield code="r">2015-09-24</subfield>
    <subfield code="w">2015-09-24</subfield>
    <subfield code="y">AGR</subfield>
  </datafield>
  <datafield tag="952" ind1=" " ind2=" ">
    <subfield code="0">0</subfield>
    <subfield code="1">0</subfield>
    <subfield code="2">ddc</subfield>
    <subfield code="4">0</subfield>
    <subfield code="6">AGR_NY_2012_000000000000000_B052_OR_3</subfield>
    <subfield code="7">0</subfield>
    <subfield code="9">5100</subfield>
    <subfield code="a">LBB</subfield>
    <subfield code="b">LBB</subfield>
    <subfield code="c">B051</subfield>
    <subfield code="d">2015-09-24</subfield>
    <subfield code="o">AGR NY 2012 B052 Or.3</subfield>
    <subfield code="p">RUA000232</subfield>
    <subfield code="r">2015-09-24</subfield>
    <subfield code="w">2015-09-24</subfield>
    <subfield code="y">AGR</subfield>
  </datafield>
  <datafield tag="952" ind1=" " ind2=" ">
    <subfield code="0">0</subfield>
    <subfield code="1">0</subfield>
    <subfield code="2">ddc</subfield>
    <subfield code="4">0</subfield>
    <subfield code="6">AGR_NY_2012_000000000000000_B052_OR_4</subfield>
    <subfield code="7">0</subfield>
    <subfield code="9">5101</subfield>
    <subfield code="a">LBB</subfield>
    <subfield code="b">LBB</subfield>
    <subfield code="c">B051</subfield>
    <subfield code="d">2015-09-24</subfield>
    <subfield code="o">AGR NY 2012 B052 Or.4</subfield>
    <subfield code="p">RUA000519</subfield>
    <subfield code="r">2015-09-24</subfield>
    <subfield code="w">2015-09-24</subfield>
    <subfield code="y">AGR</subfield>
  </datafield>
  <datafield tag="952" ind1=" " ind2=" ">
    <subfield code="0">0</subfield>
    <subfield code="1">0</subfield>
    <subfield code="2">ddc</subfield>
    <subfield code="4">0</subfield>
    <subfield code="6">AGR_NY_2012_000000000000000_B053_OR_1</subfield>
    <subfield code="7">0</subfield>
    <subfield code="9">6005</subfield>
    <subfield code="a">LBB</subfield>
    <subfield code="b">LBB</subfield>
    <subfield code="c">B053</subfield>
    <subfield code="d">2015-09-28</subfield>
    <subfield code="l">2</subfield>
    <subfield code="o">AGR NY 2012 B053 Or.1</subfield>
    <subfield code="p">RUA004566</subfield>
    <subfield code="r">2024-12-09</subfield>
    <subfield code="s">2024-11-25</subfield>
    <subfield code="w">2015-09-28</subfield>
    <subfield code="y">AGR</subfield>
  </datafield>
  <datafield tag="952" ind1=" " ind2=" ">
    <subfield code="0">0</subfield>
    <subfield code="1">0</subfield>
    <subfield code="2">ddc</subfield>
    <subfield code="4">0</subfield>
    <subfield code="6">AGR_NY_2012_000000000000000_B053_OR_2</subfield>
    <subfield code="7">0</subfield>
    <subfield code="9">6006</subfield>
    <subfield code="a">LBB</subfield>
    <subfield code="b">LBB</subfield>
    <subfield code="c">B053</subfield>
    <subfield code="d">2015-09-28</subfield>
    <subfield code="l">1</subfield>
    <subfield code="o">AGR NY 2012 B053 Or.2</subfield>
    <subfield code="p">RUA005428</subfield>
    <subfield code="r">2022-07-29</subfield>
    <subfield code="s">2022-07-13</subfield>
    <subfield code="w">2015-09-28</subfield>
    <subfield code="y">AGR</subfield>
  </datafield>
  <datafield tag="952" ind1=" " ind2=" ">
    <subfield code="0">0</subfield>
    <subfield code="1">0</subfield>
    <subfield code="2">ddc</subfield>
    <subfield code="4">0</subfield>
    <subfield code="6">AGR_NY_2012_000000000000000_B053_OR_3</subfield>
    <subfield code="7">0</subfield>
    <subfield code="9">6007</subfield>
    <subfield code="a">LBB</subfield>
    <subfield code="b">LBB</subfield>
    <subfield code="c">B053</subfield>
    <subfield code="d">2015-09-28</subfield>
    <subfield code="l">4</subfield>
    <subfield code="o">AGR NY 2012 B053 Or.3</subfield>
    <subfield code="p">RUA005743</subfield>
    <subfield code="r">2023-06-21</subfield>
    <subfield code="s">2023-06-06</subfield>
    <subfield code="w">2015-09-28</subfield>
    <subfield code="y">AGR</subfield>
  </datafield>
</record>
